000 02276nam0a2200385 4500
001 RU\NLR\bibl\1337502
005 20250615165624.0
010 _a978-5-7944-1174-4
_9300
021 _aRU
_b2008-107679
_96347
035 _a(nilc)RSL-KNO-004179568
035 _a(NLR Aleph) 001322682
090 _a749983
_c749983
100 _a20081229d2008 |||y0rusy50 ca
101 0 _arus
102 _aRU
105 _aa |||||||||
200 1 _aФизические методы исследований
_e(металлография, электронная микроскопия, электронная спектроскопия)
_eучебное пособие
_fА. Б. Шеин
_gФедеральное агентство по образованию, Гос. образовательное учреждение высш. проф. образования "Пермский гос. ун-т"
210 _aПермь
_cПермский государственный университет
_d2008
215 _a108 с.
_cил.
_d20
320 _aБиблиогр. в конце гл.
606 1 _aМеталлография
_jУчебные издания для высших учебных заведений
_91042947
_3RU\NLR\auth\66401929
606 1 _aЭлектронная микроскопия
_jУчебные издания для высших учебных заведений
_9904131
_3RU\NLR\auth\669217
606 1 _aЭлектронная спектроскопия
_jУчебные издания для высших учебных заведений
_92099812
_3RU\NLR\auth\661270092
610 0 _aФизико-математические науки -- Физика -- Физика твердого тела. Кристаллография -- Структура твердых тела -- Структурный анализ твердых тел -- Учебник для высшей школы
686 _aВ372.1я73-1
_2rubbk
686 _aК204.011я73-1
686 _aВ338.48я73-1
686 _aВ344я73-1
700 1 _aШеин
_bА. Б.
_gАнатолий Борисович
_4070
801 0 _aRU
_bРКП
_c20081229
_grcr
801 1 _aRU
_bРГБ
_c20081229
801 2 _aRU
_bNLR
_c20090310
_grcr
942 _cBOOK
980 _aNB